<?xml version="1.0" encoding="UTF-8"?>
<record
    xmlns:xsi="http://www.w3.org/2001/XMLSchema-instance"
    xsi:schemaLocation="http://www.loc.gov/MARC21/slim http://www.loc.gov/standards/marcxml/schema/MARC21slim.xsd"
    xmlns="http://www.loc.gov/MARC21/slim">

  <leader>00889nam a22001937a 4500</leader>
  <controlfield tag="001">10023</controlfield>
  <controlfield tag="003">FISKH</controlfield>
  <controlfield tag="005">20260401112822.0</controlfield>
  <controlfield tag="008">260330b        cb ||||| |||| 00| 0 eng d</controlfield>
  <datafield tag="020" ind1=" " ind2=" ">
    <subfield code="a">9787517605706</subfield>
  </datafield>
  <datafield tag="040" ind1=" " ind2=" ">
    <subfield code="a">FISKH</subfield>
    <subfield code="b">chi</subfield>
    <subfield code="c">FISKH</subfield>
    <subfield code="d">FISKH</subfield>
  </datafield>
  <datafield tag="082" ind1=" " ind2=" ">
    <subfield code="a">629.13</subfield>
  </datafield>
  <datafield tag="100" ind1=" " ind2=" ">
    <subfield code="a">&#x5A1C;&#x5854;&#x8389;&#xB7;&#x9A6C;&#x6B47;&#x5C14;</subfield>
  </datafield>
  <datafield tag="245" ind1=" " ind2=" ">
    <subfield code="a">&#x76F4;&#x5347;&#x673A; /</subfield>
    <subfield code="c">&#x5A1C;&#x5854;&#x8389;&#xB7;&#x9A6C;&#x6B47;&#x5C14;</subfield>
  </datafield>
  <datafield tag="300" ind1=" " ind2=" ">
    <subfield code="a">10 unnumbered pages : </subfield>
    <subfield code="b">color illustrations ;</subfield>
    <subfield code="c">15 cm . </subfield>
  </datafield>
  <datafield tag="520" ind1=" " ind2=" ">
    <subfield code="a">&#x8FD9;&#x672C;&#x4E66;&#x5C5E;&#x4E8E;&#x201C;&#x5FD9;&#x5FD9;&#x788C;&#x788C;&#x7684;&#x6551;&#x63F4;&#x7CFB;&#x5217;&#x201D;&#xFF0C;&#x662F;&#x4E00;&#x672C;&#x4E13;&#x4E3A;&#x5E7C;&#x513F;&#x8BBE;&#x8BA1;&#x7684;&#x4E92;&#x52A8;&#x7EB8;&#x677F;&#x4E66;&#x3002;

&#x5185;&#x5BB9;&#x56F4;&#x7ED5;&#x76F4;&#x5347;&#x673A;&#x6551;&#x63F4;&#x5C55;&#x5F00;&#xFF0C;&#x901A;&#x8FC7;&#x7B80;&#x5355;&#x7684;&#x5C0F;&#x6545;&#x4E8B;&#x548C;&#x63A8;&#x62C9;&#x673A;&#x5173;&#xFF0C;&#x8BA9;&#x5B69;&#x5B50;&#x4E86;&#x89E3;&#xFF1A;

&#x76F4;&#x5347;&#x673A;&#x7684;&#x5DE5;&#x4F5C;&#x65B9;&#x5F0F;
&#x7D27;&#x6025;&#x6551;&#x63F4;&#x573A;&#x666F;
&#x57FA;&#x7840;&#x4EA4;&#x901A;&#x5DE5;&#x5177;&#x77E5;&#x8BC6;

&#x6574;&#x672C;&#x4E66;&#x8BED;&#x8A00;&#x7B80;&#x5355;&#x3001;&#x751F;&#x52A8;&#xFF0C;&#x914D;&#x6709;&#x53EF;&#x64CD;&#x4F5C;&#x7684;&#x673A;&#x5173;&#x8BBE;&#x8BA1;&#xFF0C;&#x9002;&#x5408;&#x4EB2;&#x5B50;&#x5171;&#x8BFB;&#xFF0C;&#x5E2E;&#x52A9;&#x5B69;&#x5B50;&#x5728;&#x73A9;&#x4E2D;&#x5B66;&#x4E60;&#x3002;</subfield>
  </datafield>
  <datafield tag="942" ind1=" " ind2=" ">
    <subfield code="2">ddc</subfield>
    <subfield code="c">BOOK</subfield>
    <subfield code="n">0</subfield>
  </datafield>
  <datafield tag="999" ind1=" " ind2=" ">
    <subfield code="c">10023</subfield>
    <subfield code="d">10023</subfield>
  </datafield>
  <datafield tag="952" ind1=" " ind2=" ">
    <subfield code="0">0</subfield>
    <subfield code="1">0</subfield>
    <subfield code="2">ddc</subfield>
    <subfield code="4">0</subfield>
    <subfield code="7">0</subfield>
    <subfield code="8">REF</subfield>
    <subfield code="a">002</subfield>
    <subfield code="b">002</subfield>
    <subfield code="c">LSHTTP</subfield>
    <subfield code="d">2026-03-30</subfield>
    <subfield code="l">0</subfield>
    <subfield code="o">&#x5A1C;&#x5854;&#x8389;&#xB7;&#x9A6C;&#x6B47;&#x5C14; 629.13</subfield>
    <subfield code="p">2026-0405</subfield>
    <subfield code="r">2026-03-30 14:22:09</subfield>
    <subfield code="w">2026-03-30</subfield>
    <subfield code="y">BK</subfield>
  </datafield>
</record>
